<?xml version="1.0" encoding="UTF-8"?>
<record
    xmlns:xsi="http://www.w3.org/2001/XMLSchema-instance"
    xsi:schemaLocation="http://www.loc.gov/MARC21/slim http://www.loc.gov/standards/marcxml/schema/MARC21slim.xsd"
    xmlns="http://www.loc.gov/MARC21/slim">

  <leader>01002nam a22002177a 4500</leader>
  <controlfield tag="005">20150822020003.0</controlfield>
  <controlfield tag="008">140819b        xxu||||| |||| 00| 0 ck  spa d</controlfield>
  <datafield tag="041" ind1=" " ind2=" ">
    <subfield code="a">spa</subfield>
  </datafield>
  <datafield tag="044" ind1=" " ind2=" ">
    <subfield code="a">ck</subfield>
  </datafield>
  <datafield tag="082" ind1=" " ind2=" ">
    <subfield code="a">333.72</subfield>
    <subfield code="b">C82p</subfield>
  </datafield>
  <datafield tag="110" ind1=" " ind2=" ">
    <subfield code="a">Colombia</subfield>
    <subfield code="b">Corporaci&#xF3;n para el desarrollo sostenible de Uraba--CORPOURABA</subfield>
    <subfield code="9">25910</subfield>
  </datafield>
  <datafield tag="245" ind1=" " ind2=" ">
    <subfield code="a">P&#xE1;ramo de Urrao:</subfield>
    <subfield code="b">Estudio del Estado Actual (EEAP) y Plan de Manejo del P&#xE1;ramo de Urrao o P&#xE1;ramo del Sol </subfield>
    <subfield code="c">Corporaci&#xF3;n para el desarrollo sostenible de Uraba--CORPOURABA</subfield>
  </datafield>
  <datafield tag="260" ind1=" " ind2=" ">
    <subfield code="a">Antioquia</subfield>
    <subfield code="b">Corporaci&#xF3;n para el desarrollo sostenible de Uraba--CORPOURABA </subfield>
    <subfield code="b">Fundaci&#xF3;n ProAves </subfield>
    <subfield code="c">2010</subfield>
  </datafield>
  <datafield tag="300" ind1=" " ind2=" ">
    <subfield code="a">55 p.</subfield>
    <subfield code="b">Fot (col), tablas, mapas.</subfield>
    <subfield code="c">29 cm.</subfield>
  </datafield>
  <datafield tag="504" ind1=" " ind2=" ">
    <subfield code="a">Incluye referencias bibliogr&#xE1;ficas (pag 54-55)</subfield>
  </datafield>
  <datafield tag="650" ind1=" " ind2=" ">
    <subfield code="a">P&#xE1;ramos</subfield>
    <subfield code="x">Conservaci&#xF3;n de los recursos naturales</subfield>
    <subfield code="9">25911</subfield>
  </datafield>
  <datafield tag="650" ind1=" " ind2=" ">
    <subfield code="a">P&#xE1;ramos</subfield>
    <subfield code="x"> Planificaci&#xF3;n Regional </subfield>
    <subfield code="9">25912</subfield>
  </datafield>
  <datafield tag="650" ind1=" " ind2=" ">
    <subfield code="a">P&#xE1;ramos</subfield>
    <subfield code="x">Aspectos Ambientales</subfield>
    <subfield code="9">25913</subfield>
  </datafield>
  <datafield tag="710" ind1=" " ind2=" ">
    <subfield code="a">Colombia</subfield>
    <subfield code="b">Fundaci&#xF3;n ProAves</subfield>
    <subfield code="9">25914</subfield>
  </datafield>
  <datafield tag="942" ind1=" " ind2=" ">
    <subfield code="2">ddc</subfield>
    <subfield code="c">LIBRO</subfield>
    <subfield code="0">1</subfield>
  </datafield>
  <datafield tag="999" ind1=" " ind2=" ">
    <subfield code="c">8610</subfield>
    <subfield code="d">8610</subfield>
  </datafield>
  <datafield tag="952" ind1=" " ind2=" ">
    <subfield code="0">0</subfield>
    <subfield code="1">0</subfield>
    <subfield code="2">ddc</subfield>
    <subfield code="4">0</subfield>
    <subfield code="7">0</subfield>
    <subfield code="8">GENERAL</subfield>
    <subfield code="I">INV2017</subfield>
    <subfield code="a">Bogota</subfield>
    <subfield code="b">Bogota</subfield>
    <subfield code="d">2014-08-19</subfield>
    <subfield code="e">Instituto</subfield>
    <subfield code="g">39000.00</subfield>
    <subfield code="l">1</subfield>
    <subfield code="o">LB-333.72 C82p</subfield>
    <subfield code="p">034257</subfield>
    <subfield code="r">2015-08-21 00:00:00</subfield>
    <subfield code="s">2015-08-21</subfield>
    <subfield code="t">Ej. 1</subfield>
    <subfield code="w">2014-08-19</subfield>
    <subfield code="x">Donaci&#xF3;n</subfield>
    <subfield code="y">LIBRO</subfield>
  </datafield>
</record>
